Thiết kế môi trường giải quyết vấn đề bằng phần mềm Geometer’s Sketchpad trong dạy học các phép dời hình và đồng dạng

Cơ sơ lý luận của dạy học giải quyết vấn đề và sử dụng máy tính vào dạy học ở phổ thông. Giới thiệu phần mềm GSP, cách sử dụng các chức năng chính và lợi ích của môi trường có vấn đề với GSP. Thực hiện thiết kế môi trường giải quyết vấn đề trong dạy học “Phép dời hình và phép đồng dạng trong mặt phẳ...

Popoln opis

Shranjeno v:
Bibliografske podrobnosti
Glavni avtor: Đoàn Thị Kim Chi
Drugi avtorji: Phan Quang Như Anh (Hướng dẫn)
Format: Knjiga
Izdano: Đà Nẵng Đại học Sư phạm, Đại học Đà Nẵng 2012
Teme:
Oznake: Označite
Brez oznak, prvi označite!
Thư viện lưu trữ: Mạng thư viện Đại học Đà Nẵng
LEADER 02139nam a2200337 4500
001 000017434
003 13852
005 20130416150452.0
008 130416s2012 sd
082 |a 516  |b ĐO-C 
100 1 |a Đoàn Thị Kim Chi 
245 |a Thiết kế môi trường giải quyết vấn đề bằng phần mềm Geometer’s Sketchpad trong dạy học các phép dời hình và đồng dạng  |c Đoàn Thị Kim Chi ; Phan Quang Như Anh hướng dẫn  |k Khóa luận tốt nghiệp 
260 |a Đà Nẵng  |b Đại học Sư phạm, Đại học Đà Nẵng  |c 2012 
300 |a 107 tr.  |c 29 cm.  |e Đĩa CD, bản tóm tắt 
500 |a Khóa luận tốt nghiệp đại học. Chuyên ngành: Sư phạm Toán 
504 |a Mục lục đầu trang, tài liệu tham khảo tr. 73 - 74, phụ lục [13 tr.] 
520 |a Cơ sơ lý luận của dạy học giải quyết vấn đề và sử dụng máy tính vào dạy học ở phổ thông. Giới thiệu phần mềm GSP, cách sử dụng các chức năng chính và lợi ích của môi trường có vấn đề với GSP. Thực hiện thiết kế môi trường giải quyết vấn đề trong dạy học “Phép dời hình và phép đồng dạng trong mặt phẳng”bằng phần mềm Sketchpad 
600 1 4 |b Vua  |c Đinh Tiên Hoàng 
650 0 4 |a Phần mềm toán học  |a Phép dời hình và phép đồng dạng trong mặt phẳng  |v Khóa luận tốt nghiệp  |x Nghiên cứu 
653 |a Phép dời hình và phép đồng dạng trong mặt phẳng  |a Phần mềm Geometer’s Sketchpad  |a Khoa Toán 
700 |a Phan Quang Như Anh  |e Hướng dẫn 
OWN |a LSP 
AVA |a UDN50  |b LSP  |d 516 ĐO-C  |e available  |t Error 5001 Not defined in file expand_doc_bib_avail.  |f 1  |g 0  |h N  |i 0  |k 1 
999 |a From the UDN01 
AVA |a UDN50  |b LSP  |d 516 ĐO-C  |e available  |t Error 5001 Not defined in file expand_doc_bib_avail.  |f 1  |g 0  |h N  |i 0  |k 1 
TYP |a Monograph 
TYP |a Printed language 
980 |a Mạng thư viện Đại học Đà Nẵng